| 000 | 00519nam a2200193Ia 4500 | ||
|---|---|---|---|
| 003 | OSt | ||
| 005 | 20260505152330.0 | ||
| 008 | 210210b1991 xxu||||| |||| 00| 0 eng d | ||
| 040 | _cAL | ||
| 041 | _aKannada | ||
| 082 | _aT894.1 MANJ | ||
| 100 |
_aMANDARA KESHAVA BHATTA. _dಮಂದಾರ ಕೇಶವ ಭಟ್ಟ _9263285 |
||
| 245 |
_aJagante. _bಜಾಗಂಟೆ |
||
| 260 |
_aMangaluru _bShrinivasa Prakashana _c1991 |
||
| 300 | _ax,74 | ||
| 690 |
_aTulu Poetry _9263286 |
||
| 906 | _a045378 | ||
| 942 |
_2ddc _cBK |
||
| 999 |
_c95067 _d95067 |
||